Study of thin metallic film explosion in vacuum; Journal of Physics: Conference Series; Vol. 830 : Energy Fluxes and Radiation Effects 2016
| Parent link: | Journal of Physics: Conference Series Vol. 830 : Energy Fluxes and Radiation Effects 2016.— 2017.— [012033, 6 p.] |
|---|---|
| Corporate Author: | |
| Other Authors: | , , , |
| Summary: | Title screen An experiment with Al, Cu and Ni exploding foils was carried out at a current density of (0.5-1)•108 A/cm{2} through the 6-[mu]m foil with a current density rate of about (0.5-1)•108 A/cm{2} centerdots. To record the metal foil effervescence during the foil explosions, a two-frame radiographic system was used. It was shown that the duration of the explosion resistive phase was considerably lower than the metal boiling time. The foil energy deposition is equal to 30-70% of the sublimation energy. |
| Language: | English |
| Published: |
2017
|
| Series: | High-current electronics |
| Subjects: | |
| Online Access: | http://dx.doi.org/10.1088/1742-6596/830/1/012033 http://earchive.tpu.ru/handle/11683/39472 |
| Format: | Electronic Book Chapter |
| KOHA link: | https://koha.lib.tpu.ru/cgi-bin/koha/opac-detail.pl?biblionumber=654896 |
MARC
| LEADER | 00000nla2a2200000 4500 | ||
|---|---|---|---|
| 001 | 654896 | ||
| 005 | 20231101134838.0 | ||
| 035 | |a (RuTPU)RU\TPU\network\20612 | ||
| 035 | |a RU\TPU\network\20605 | ||
| 090 | |a 654896 | ||
| 100 | |a 20170529a2017 k y0engy50 ba | ||
| 101 | 0 | |a eng | |
| 105 | |a y z 100zy | ||
| 135 | |a drcn ---uucaa | ||
| 181 | 0 | |a i | |
| 182 | 0 | |a b | |
| 200 | 1 | |a Study of thin metallic film explosion in vacuum |f A. S. Zhigalin [et al.] | |
| 203 | |a Text |c electronic | ||
| 225 | 1 | |a High-current electronics | |
| 300 | |a Title screen | ||
| 320 | |a [References: 13 tit.] | ||
| 330 | |a An experiment with Al, Cu and Ni exploding foils was carried out at a current density of (0.5-1)•108 A/cm{2} through the 6-[mu]m foil with a current density rate of about (0.5-1)•108 A/cm{2} centerdots. To record the metal foil effervescence during the foil explosions, a two-frame radiographic system was used. It was shown that the duration of the explosion resistive phase was considerably lower than the metal boiling time. The foil energy deposition is equal to 30-70% of the sublimation energy. | ||
| 461 | 0 | |0 (RuTPU)RU\TPU\network\3526 |t Journal of Physics: Conference Series | |
| 463 | 0 | |0 (RuTPU)RU\TPU\network\20593 |t Vol. 830 : Energy Fluxes and Radiation Effects 2016 |o 5th International Congress, 2–7 October 2016, Tomsk, Russian Federation |o [materials] |f National Research Tomsk Polytechnic University (TPU) ; eds. M. V. Trigub G. E. Osokin ; A. S. Konovod |v [012033, 6 p.] |d 2017 | |
| 610 | 1 | |a электронный ресурс | |
| 610 | 1 | |a труды учёных ТПУ | |
| 610 | 1 | |a взрыв | |
| 610 | 1 | |a тонкие пленки | |
| 610 | 1 | |a металлические пленки | |
| 610 | 1 | |a вакуум | |
| 610 | 1 | |a вспенивание | |
| 610 | 1 | |a металлические фольги | |
| 701 | 1 | |a Zhigalin |b A. S. | |
| 701 | 1 | |a Rousskikh |b A. G. | |
| 701 | 1 | |a Oreshkin |b V. I. |c specialist in the field of non-destructive testing |c Senior researcher of Tomsk Polytechnic University, Doctor of physical and mathematical sciences |f 1960- |g Vladimir Ivanovich |2 stltpush |3 (RuTPU)RU\TPU\pers\33779 | |
| 701 | 1 | |a Baksht |b R. B. | |
| 712 | 0 | 2 | |a Национальный исследовательский Томский политехнический университет (ТПУ) |b Институт неразрушающего контроля (ИНК) |b Кафедра физических методов и приборов контроля качества (ФМПК) |h 68 |2 stltpush |3 (RuTPU)RU\TPU\col\18709 |
| 801 | 2 | |a RU |b 63413507 |c 20170620 |g RCR | |
| 856 | 4 | |u http://dx.doi.org/10.1088/1742-6596/830/1/012033 | |
| 856 | 4 | |u http://earchive.tpu.ru/handle/11683/39472 | |
| 942 | |c CF | ||